Gaming Quiz

Random Gaming or Toys Quiz
Score 0/18 Timer 03:00
7 Plays Today
% Correct
Hydra
83.5%
Gelatinous Cube
83.3%
Minotaur
82.5%
Owl Bear
81.3%
Brass Dragon
80.8%
Beholder
78.1%
Treant
75%
Storm Giant
73.4%
Kobold
72.5%
% Correct
Demon
72.5%
Cockatrice
71.7%
Lich
71.4%
Mind Flayer
69%
Rust Monster
67.7%
Displacer Beast
64.4%
Ettin
58.1%
Bugbear
55.9%
Umber Hulk
48.1%

You're not logged in!

Compare scores with friends on all Sporcle quizzes.
OR
Log In

Sporcle TV

Today on Sporcle TV


Watch our educational content, quiz creation guides, and fun videos on Sporcle TV.

Show Comments

Extras

Top Quizzes Today


Score Distribution

Paid Content

Your Account Isn't Verified!

In order to create a playlist on Sporcle, you need to verify the email address you used during registration. Go to your Sporcle Settings to finish the process.

Report this User

Report this user for behavior that violates our Community Guidelines.

Details: